| 000 | 00634nam a22002172 4500 | ||
|---|---|---|---|
| 001 | 0000020482 | ||
| 005 | 20151217155229.0 | ||
| 008 | 110920s xx 000 0 eng d | ||
| 020 | _a8123913133 : | ||
| 040 |
_aKABU _cKABU |
||
| 100 | 1 |
_aMarya, R. K. _@0000180761 |
|
| 245 | 1 | 0 |
_aTextbook of physiology for dental students / _cR. K. Marya and C. M. Marya. |
| 250 | _a2nd ed. | ||
| 260 |
_aNew Delhi : _bCBS, _c2006. |
||
| 300 | _axx, 526 p. | ||
| 650 | 0 |
_aPhysiology. _@0000040275 |
|
| 700 | 1 |
_aMarya, C. M. _@0000180762 |
|
| 852 | 1 | _9p785 KES | |
| 908 | _a110920 | ||
| 950 | _@1 | ||
| 999 |
_c12147 _d12147 |
||